000
00287nam a2200121Ia 4500
008
190216s9999||||xx |||||||||||||| ||und||
100
_a
Ramanuj Majumdar
245
0
_a
Marketing Research
260
_b
New Age International Publishers
300
_a
365
650
_a
Commerce
942
_c
BK
999
_c
7194
_d
7194